All Saskatchewan MPs and Federal Ridings - Statistics

General Stats
  • This quiz has been taken 4 times
  • The average score is 19 of 28
Answer Stats
Riding/MP % Correct
Prince Albert
100%
Saskatoon South
100%
Saskatoon—University
100%
Saskatoon West
100%
Andrew Scheer
75%
Battlefords—Lloydminster—Meadow Lake
75%
Buckley Belanger
75%
Carlton Trail—Eagle Creek
75%
Cathay Wagantall
75%
Desnethé—Missinippi—Churchill River
75%
Kevin Waugh
75%
Michael Kram
75%
Moose Jaw—Lake Centre—Lanigan
75%
Regina—Qu'Appelle
75%
Regina—Wascana
75%
Souris—Moose Mountain
75%
Swift Current—Grasslands—Kindersley
75%
Yorkton—Melville
75%
Corey Tochor
50%
Fraser Tolmie
50%
Jeremy Patzer
50%
Kelly Block
50%
Regina—Lewvan
50%
Rosemarie Falk
50%
Steven Bonk
50%
Warren Steinley
50%
Brad Redekopp
25%
Randy Hoback
25%
No matching quizzes found
Score Distribution
Percent of People with Each Score
Percentile by Number Answered
Your Score History
You have not taken this quiz